States of the Colorado River Watershed - Statistics

General Stats
  • This quiz has been taken 19 times
  • The average score is 8 of 9
Answer Stats
State % Correct
California
100%
Colorado
100%
Nevada
100%
New Mexico
100%
Utah
100%
Wyoming
100%
Arizona
94%
Baja California
56%
Sonora
44%
No matching quizzes found
Score Distribution
Percent of People with Each Score
Percentile by Number Answered
Your Score History
You have not taken this quiz